| 000 | 00407nam a22001337a 4500 | ||
|---|---|---|---|
| 082 |
_a621.56 _bSEV _cL-8, P-22 |
||
| 100 |
_aSeverns, williwm H. _941908 |
||
| 245 |
_aAir Conditioning and refrigeration _cSeverns, williwm H. |
||
| 260 |
_aLondon, Japan _bJohn Wiley & Sons _c1958 |
||
| 300 |
_axiii, 563 p. _bill. _c28 cm. |
||
| 526 |
_a0 _b0 _c0 _d621_560000000000000_SEV |
||
| 650 |
_aMCE _9379 |
||
| 942 |
_2ddc _cBK |
||
| 999 |
_c545930 _d545930 |
||